| 000 | 00739cab a22002175a 4500 | ||
|---|---|---|---|
| 001 | L160018 | ||
| 008 | 150113e2016 xxk 000 0 eng d | ||
| 035 | _a(Sirsi) u160018 | ||
| 041 | 0 | _aeng | |
| 050 | _a346.420434 | ||
| 100 | 1 | _aHampson, Mark | |
| 245 | 0 | 0 |
_aIn demand _h[electronic resource] |
| 260 |
_aLondon _bRICS _c2016 |
||
| 490 |
_aRICS Building Surveying Journal _vMay 2016 - June 2016, 12-13(2) |
||
| 520 | _aExplains how vital the role of the specialist dilapidations surveyor is. | ||
| 650 | 2 | 4 | _aSUNLIFE EUROPE PROPERTIES LTD V TIGER ASPECT HOLDINGS LTD |
| 650 | 2 | 4 | _aCREDIT SUISSE V BEEGAS NOMINEES LTD |
| 650 | 2 | 4 | _a@SIPP PENSION TRUSTEES V INSIGHT TRAVEL SERVICES LTD |
| 690 |
_aDilapidations _96235 |
||
| 942 | _n0 | ||
| 999 |
_c85133 _d85133 |
||